000 00457ngm a22001817a 4500
005 20180803170354.0
008 170225b xxu||||| |||| 00| 0 spa d
040 _aCO-BoIAVH
_cCO-BoIAVH
041 _aspa
044 _ack
110 1 _aCorantioquia
245 _aDesfile de silleteros 50 aƱos
260 _aColombia
_bCorantioquia
_cs. f
300 _aCD ROM
650 1 4 _aSilleteros
650 1 4 _aHistoria
942 _2z
_cCD-ROM
999 _c19367
_d19367